| 000 | 00469nam a22001577a 4500 | ||
|---|---|---|---|
| 008 | 140905b xxu||||| |||| 00| 0 eng d | ||
| 020 | _a0406902801 | ||
| 050 | _aKD288.A64(1998 vol. 3) | ||
| 245 |
_aThe All England law reports 1998 (vol. 3). / _cedited by Caroline Vandridge-Ames |
||
| 260 |
_aLondon: _bButterworth, _c1998. |
||
| 300 |
_axix, 1024p.: _c25cm. |
||
| 440 | _vVol. 3 | ||
| 500 | _aIncludes index | ||
| 700 | _aVandridge-Ames, Caroline | ||
| 942 |
_2lcc _cBK |
||
| 999 |
_c4309 _d11809 |
||